00616nam a2200169 a 4500008004100000020001500041050001500056100001800071245007700089260004500166300002000211350000900231650005500240650004300295650006700338650004100405120416s1993 ||||||||||||||||| || u a9982030019 aHC 900 Sim aSimamba, B. H13aAn African preferential trade area: the institutions, law and operations aLusakabUniversity of Zambia Pressc1993 axx, 38p. : ill. a0.00 0aAFRICA, EASTERN--ECONOMIC INTEGRATION--PERIODICALS aARFICA, SOUTHERN--ECONOMIC INTEGRATION aPreferential Trade Area of Eastern and Southern African States aAFRICA, SOUTHERN--COMMERCE--TANZANIA